| 000 | 00545nam a2200181Ia 4500 | ||
|---|---|---|---|
| 999 |
_c34588 _d34588 |
||
| 003 | OSt | ||
| 005 | 20200917101848.0 | ||
| 008 | 190216s9999||||xx |||||||||||||| ||und|| | ||
| 020 | _a9788126508822 | ||
| 040 | _coclc | ||
| 082 |
_a530 _bCUM/U |
||
| 100 |
_aCummings, Karen _94652 |
||
| 245 | 0 |
_aUnderstanding Physics / _cKaren Cummings ; Priscilla Laws ; Edward Redish ; Patrick Cooney |
|
| 260 |
_bWiley India, _c2007. _aNew Delhi: |
||
| 300 | _a1144p | ||
| 650 | _aPhysics | ||
| 942 |
_cBK _2ddc _h530 _iCUM/U _k530 _mCUM/U |
||